Antworten mit gleichem Anfangs- und Endbuchstaben: N - Statistiken

Allgemein
  • Dieses Quiz wurde 300 mal gespielt
  • Das Durchschnittsergebnis liegt bei 19 aus 34
Antwortstatistiken
Hinweis Antwort % Korrekt
ja oder ... nein
99%
Planet unseres Sonnensystems Neptun
95%
Textilien mit Nadel und Faden zusammenfügen nähen
92%
Himmelsrichtung; Stadt in Ostfriesland Norden
91%
mit leerem Magen; nicht betrunken nüchtern
91%
zweistellige Zahl neunzehn
86%
englischer Wissenschaftler (1643 – 1727): Isaac ... Newton
80%
zweitgrößtes deutsches Bundesland Niedersachsen
79%
Organe, die im menschlichen Körper normalerweise doppelt vorhanden sind Nieren
79%
chemisches Element mit der Ordnungszahl 10 (Edelgas) Neon
74%
imitieren nachahmen/nachmachen
72%
Rhinozeros Nashorn
72%
Schloss von König Ludwig II. von Bayern Neuschwanstein
69%
französischer Kaiser (1769 – 1821) Napoléon
66%
Kinder, Enkel, Urenkel usw. Nachkommen
60%
Nasenlöcher bei Pferden Nüstern
60%
Bestandteil der meisten Atomkerne (7 Buchstaben) Neutron
58%
kurzer Schlaf Nickerchen
56%
Niederschlag in Form kleiner Tröpfchen Nieselregen
56%
Bezirk und Ortsteil von Berlin Neukölln
55%
37. US-Präsident (Nachname) Nixon
53%
Gesichtsknochen (Singular; 9 Buchstaben) Nasenbein
44%
Staat; Volk Nation
44%
Eigenname Japans Nippon/Nihon
44%
Arbeitseinkommen nach Abzug von Steuern und sonstigen Abgaben Nettolohn
38%
ehemalige jugoslawische Republik Nordmazedonien
38%
Sie gewannen den Amerikanischen Bürgerkrieg Nordstaaten
31%
lokale Präposition neben
26%
Natriumhydrogencarbonat Natron
25%
Name der Spielstätte des VfB Stuttgart von 1949 – 1993 Neckarstadion
25%
Steuermannskunst zu Land, zu Wasser, in der Luft und im Weltraum Navigation
24%
finnischer Skispringer (1963 – 2019): Matti ... Nykänen
20%
suggerieren nahelegen
6%
Einbürgerung Naturalisation
0%
Keine übereinstimmenden Quizze gefunden
Verteilung der Resultate
Anzahl Personen mit jedem Resultat
Perzentil nach korrekt beantworteten Fragen
Ihre Resultats-Entwicklung
Sie haben dieses Quiz noch nicht gespielt